01014nas a2200277 4500001001000000003000900010005001700019007000300036008003400039040005400073041000900127072001300136100001600149100001500165245009300180246009700273650001000370650001100380650002200391650001500413773007800428909004000506942001800546999001900564952015300583BR8300579BR-BrBNA20231205085425.0ta230509b bl.|||p| |||| 00| 00por d aBR-BrBNAbporcBiblioteca Nacional de Agricultura a(Pt) aL00; U101 aIemma, A.F.1 aBarbin, D.1 aAnalise da eficiencia de alguns processos usados na correcao da producao de leite bovino1 aAnalysis of efficiency of some processes used in the correction of production of bovine milk aLEITE aBOVINO aPRODUCAO LEITEIRA aMATEMATICA0 tSolo (Brazil)xISSN 0584-0821g(Jan 1982), v. 74(1-2) p. 57-64wBR8300579 a202311bLúciac55dLúcia Elande 2AGRISn0cANA c111354d111354 002AGRIS4071a41918b41918cPeriódicos Agrícolash(Jan 1982), v. 74(1-2) p. 57-64l0r2023-11-29t01yCRePortaria Interministerial nº 164/94